000 00519nam a2200169 a 4500
001 000048855
005 20201002061447.0
008 150821s2016 dr 000 0 spa d
020 _a9789945600612
040 _aDO-SdBNP
_bspa
_cBNPHU
082 _axxx
_bB417t
100 1 _aBegoni, Walter
_976302
245 1 0 _aTe esperan en el paraíso :
_bclaves maestras del éxito y la sabiduría /
_cWalter Begoni.
260 _aSanto Domingo :
_bSantuario,
_c2016.
300 _a71 p. ;
_c23 cm.
590 _aInventariado, 2019/ YL
999 _c48343
_d48343